Spell the Marvel Hero #52 - Statistics

General Stats
  • This quiz has been taken 17 times
  • The average score is 8 of 9
Answer Stats
Picture Answer % Correct
Emma Frost
100%
Punisher
100%
Thor
100%
Captain Mar-Vell
92%
Spectrum
92%
Union Jack
92%
Magik
83%
Shuri
75%
Ricochet
58%
No matching quizzes found
Score Distribution
Percent of People with Each Score
Percentile by Number Answered
Your Score History
You have not taken this quiz